Hit the Floor - Linkin Park (Lyrics) - Statistics

General Stats
  • This quiz has been taken 24 times
  • The average score is 39 of 51
Answer Stats
Lyrics % Correct
Just before you hit the {floor}
95%
Just before you hit the {floor}
95%
Just before you hit the {floor}
95%
Making your {heart} stop
90%
Making your {heart} stop
90%
Making your {heart} stop
90%
Making your {heart} stop
90%
Making your {heart} stop
90%
Making your {heart} stop
90%
You think you've {won}
90%
You think you've {won}
90%
You think you've {won}
90%
And then it's all {gone}
86%
And then it's all {gone} (x4)
86%
And then it's all {gone} (x4)
86%
Now it's all {gone}
86%
Now it's all {gone}
86%
One {minute} you're on {top}
86%
One {minute} you're on {top}
86%
One {minute} you're on {top}
86%
One {minute} you're on {top}
86%
One {minute} you're on {top}
86%
One {minute} you're on {top}
86%
(The next you're not, watch it {drop})
86%
(The next you're not, watch it {drop})
86%
(The next you're not, watch it {drop})
86%
So many people like me put so much {trust} in all your {lies}
76%
{Afraid} to say what was on my {mind}, afraid to say what I need to {say}
71%
It's about as much as I can {stand}
71%
It's about as much as I can {stand}
71%
So I'm {waiting} until the {upper-hand} is mine
71%
So I'm {waiting} until the {upper-hand} is mine
71%
There are just too many {times} that {people} have tried to look {inside} of me
71%
But what goes up has got to {fall}
67%
I know I'll never {trust} a single thing you {say}
67%
Too many {things} that you said about me when I'm not {around}
67%
All I know is that all I want is to {feel} like I'm not {stepped} on
62%
And all the lies have got you {floating} up above us all
62%
But I've had too many {standoffs} with you
62%
'Cause I've had too many {standoffs} with you
62%
So many people like me walk on {eggshells} all day long
62%
There are so many things you say that make me feel you {cross} the {line}
62%
Too many times that I've held on when I {needed} to {push} away
62%
What goes up will surely {fall} and I'm {counting} down the {time}
62%
{Wondering} what I think of you and I {protect} you out of {courtesy}
62%
You think having the {upper-hand} means you gotta keep {putting} me down
62%
(The next you're not, {missed} your {shot})
57%
(The next you're not, {missed} your {shot})
57%
(The next you're not, {missed} your {shot})
57%
You knew your {lies} would {divide} us but you {lied} anyway
57%
So {concerned} with what you think to just say what we feel {inside}
52%
No matching quizzes found
Score Distribution
Percent of People with Each Score
Percentile by Number Answered
Your Score History
You have not taken this quiz